00530nmm a2200157Ia 4500008004100000020001800041041000800059100002300067245011800090264004800208300001800256650002200274856005200296942000700348999001700355251105s9999||||xx |||||||||||||||||und|| a9789502346328 aspa aLapeña, Jorge E. 0aLa energía en tiempos de Alfonsín :b Innovación, planificación estratégica, obras y autoabastecimiento a[Buenos Aires, Argentina] :bEudeba, c2015 a336 páginas aHistory (General) uhttps://public.digitaliapublishing.com/a/128301 cCF c93343d93343